000 004420000a22001810004500
003 MACL
005 20160131172926.0
008 160131b xxu||||| |||| 00| 0 eng d
040 _aMACL
_cMACL
041 _aEnglish
082 _a910/SAX
100 _aSaxena, Anjali
_936409
245 _aAtlas The World Explorer
260 _bS Chand & Company Ltd
_c2011
_aNew Delhi
350 _a125
650 _aAtlas
_936281
942 _cBK
_k910
_2ddc
999 _c45645
_d45645